000 00800nam a2200229Ii 4500
003 JO-AjNU
008 230605s9999||||xx |||||||||||||| ||und||
017 _a1982/4198
020 _a977-02-0163-4
040 _aJO-AjNU
_bara
_erda
_cJO-AjNU
041 _aara
050 1 4 _aBP188.2.K53 1982
100 3 _aالخراز، أبي سعيد؛ عبد الحليم محمود,
_eauthor
_939443
245 0 0 _aالطريق الى الله : كتاب الصدق لأبي سعيد الخراز
250 _aط3
264 3 1 _aالقاهرة: دار المعارف، 1982
300 _a125ص
336 _atext
_btxt
_2rdacontent
337 _aunmediated
_bn
_2rdamedia
338 _avolume
_bnc
_2rdacarrier
650 4 _aالقيم الاسلامية- الاداب الاسلامية- الصدق
_939444
999 _aA16658
_c20226
_d20226